000 00793nas a2200265 4500
001 BR0901349
003 BR-BrBNA
005 20231205113207.0
007 ta
008 230509b bl.|||p| |||| 00| 00por d
040 _aBR-BrBNA
_bpor
_cBiblioteca Nacional de Agricultura
041 _a(Pt)
072 _aU30
100 1 _aSilva, N.P.
100 1 _aCunha, G.N.
100 1 _aFerreira, F.A.
100 1 _aCoelho, D.P.
245 1 _aDeterminação da faixa de referência de glutation peroxidase no soro de bovinos sadios.
650 _aGADO LEITEIRO
650 _aGLUTATION PEROXIDASE
650 _aSORO
773 0 _tBioscience Journal (Brazil)
_xISSN 1516-3725
_g(May-Aug 2005), v. 21(2) p. 89-93
_wBR0901349
909 _a202311
_bLúcia
_c55
_dLúcia Elande
942 _2AGRIS
_n0
_cANA
999 _c202399
_d202399